| 000 | 00833nam a2200205 a 4500 | ||
|---|---|---|---|
| 003 | AM-YeHGA | ||
| 040 | _aAM-YeHGA | ||
| 090 | _c441651 | ||
| 005 | 20250617155757.0 | ||
| 008 | 190813s1959 ru |||||r|||||000|1|rus|| | ||
| 041 | 0 | _arus | |
| 100 | 1 | _aРадич, Антон Константинович | |
| 245 | 1 | 0 |
_aСтепные сокровища : _bПовесть : [Для среднего школьного возраста] / _cАнтон Радич. |
| 260 |
_aСтаврополь : _bКн. изд-во, _c1959. |
||
| 300 |
_a38 с. ; _c20 см. |
||
| 650 | 1 | 4 |
_aРусская литература _xПовесть |
| 653 | 0 | _aПартизанское движение в Великой Отечественной войне 1941-1945 гг. (д. л.) | |
| 654 | _2Чабаны (д. л.) | ||
| 942 |
_2udc _cBK |
||
| 999 |
_c438919 _d438919 |
||